000
00338nam a2200133Ia 4500
008
240624s9999 xx 000 0 und d
041
_a
eng
082
_a
346.048 SHA
100
_a
SHAH SUNIL N
245
_a
IPR AND CYBER LAWS
260
_c
2016
_a
New Delhi
_b
Himalaya Publishing House
300
_a
122 : p. : cm. ; 24
365
_c
RS
_b
31
999
_c
27001
_d
27001